00601nam a2200181Ia 4500003000900000008004100009040001600050080001600066100002100082245007600103260005200179300001000231650004100241650002600282942000700308999001300315952009100328IN-BaIIA211028s9999 xx 000 0 eng d cIIA Library a550.38bFIS aFisk, H. W.9542 0aLand magnetic and electric observations 1918-1926bvol. VIcH. W. Fisk  aWashington, D CbThe Carnegie Institutionc1927 a524p. aAstronomy and Astrophysics Thesaurus aMagnetoelectrism9543 cBK c280d280 00104070aBANbKODcGENd0000-00-00l0o550.38/ FISp257r2021-11-05w0000-00-00yBK